Normal view
MARC view
Entry Personal Name
001 - CONTROL NUMBER
- control field: 4379
003 - CONTROL NUMBER IDENTIFIER
- control field: HDC
005 - DATE AND TIME OF LATEST TRANSACTION
- control field: 20230624073159.0
008 - FIXED-LENGTH DATA ELEMENTS
- fixed length control field: 210116|| aca||aabn | a|a d
040 ## - CATALOGING SOURCE
- Original cataloging agency: HDC
- Transcribing agency: HDC
100 ## - HEADING--PERSONAL NAME
- Personal name: Caprino, Fabio
670 ## - SOURCE DATA FOUND
- Source citation: Work cat.: (HDC)4301: Moretti, Vittorio M. author 4378, Handbook of seafood and seafood products analysis : Chapter 21, c2010.
